| 000 | 00532amm a2200181 4500 | ||
|---|---|---|---|
| 005 | 20170111151658.0 | ||
| 008 | 150227b xxu||||| |||| 00| 0 eng d | ||
| 041 | _aES | ||
| 082 | _aDE 148 | ||
| 100 |
_aMaroto Brenes, María Fernanda _936093 |
||
| 245 | _aInforme de Práctica Supervisada en el Comité Cantonal de Deportes: Municipalidad del Guarco | ||
| 260 | _c2015 | ||
| 650 |
_aCOSTA RICA _936210 |
||
| 650 |
_aADMINISTRACIÓN DE EMPRESAS _9521 |
||
| 650 |
_aPROCEDIMIENTOS _96998 |
||
| 650 |
_aARCHIVO _93521 |
||
| 942 | _cIP | ||
| 999 |
_c3620 _d3620 |
||